000 01494nam a22002537a 4500
999 _c57183
_d57183
003 Ge_BSU
005 20191224111441.0
008 191224s2019 ||||| |||| 00| 0 geo d
020 _a9789941255946
041 _ageo
080 _a347.22 ზ-32
100 _aზარანდია, თამარ.
_95936
245 _aსანივთო სამართალი :
_bსასწავლო წიგნი /
_cთამარ ზარანდია ; რედ : ბესარიონ ზოიძე ; ლადო ჭანტურია.
250 _aმე-2 შვსებული გამოცემა
264 _aთბილისი :
_bმერიდიანი,
_c2019.
300 _a449 გვ .:
_c21 სმ.
504 _aბიბლიოგრ.გვ : 426-449
653 _aსამართალი
653 _aსანივთო სამართალი
700 _a ზოიძე , ბესარიონ
_eრედაქტორი
_95937
700 _aჭანტურია, ლადო
_eრედაქტორი
_9808
710 _eივანე ჯავახიშვილის სახელობის თბილისის სახელმწიფო უნივერსიტეტის იურიდიული ფაკულტეტის თანამედროვე კერძო სამართლის ინსტიტუტი.
_95938
942 _2udc
_cBK